Membres de la Communauté de l'Anneau - Statistiques

Statistiques générales
  • Ce quiz a été pris 19 023 fois
  • Le résultat moyen est 8 sur 9
Statistiques - réponses
Race Nom % Correct
Hobbit Frodon
96%
Elfe Legolas
92%
Hobbit Samsagace
92%
Maia Gandalf
90%
Humain Aragorn
89%
Hobbit Peregrin
82%
Nain Gimli
81%
Humain Boromir
74%
Hobbit Meriadoc
72%
Aucun quiz correspondant
Distribution des résultats
% des personnes avec chaque résultat
Percentile par nombre de réponses
Votre historique - résultats
Vous n’avez pas pris ce quiz